000 00612nam a2200121Ia 4500
008 220620s9999||||xx |||||||||||||| ||und||
100 _aToshio Morikawa (Ed.)
245 0 _aBiological Activity of Natural Secondary Metabolite Products
546 _aEnglish[eng]
650 _amolecular biology||pharmacognosy||molecular pharmacology||mechanism of action||natural product chemistry||chemical biology||bioorganic chemistry||isolation and structure determination||total synthesis||structure-activity relationship||phytochemistry||food chemistry
856 _uhttp://www.mdpi.com/books/pdfview/book/744
942 _cEB
999 _c31752
_d31752